Lyrics to 'Sunrise' by Darren Kiely - Statistics

General Stats
  • This quiz has been taken 3 times
  • The average score is 147 of 165
Answer Stats
Answer % Correct
a
100%
ain't
100%
all
100%
and
100%
And
100%
At
100%
be
100%
black
100%
cannot
100%
find
100%
give
100%
gonna
100%
gotta
100%
heart
100%
hole
100%
hope
100%
I
100%
if
100%
If
100%
I'm
100%
in
100%
it
100%
it's
100%
last
100%
like
100%
me
100%
my
100%
on
100%
Something's
100%
something's
100%
still
100%
Still
100%
sunrise
100%
Sunrise
100%
take
100%
that
100%
the
100%
there
100%
There's
100%
this
100%
to
100%
town
100%
waiting
100%
Waiting
100%
way
100%
what
100%
will
100%
around
67%
break
67%
Cause
67%
close
67%
clown
67%
cost
67%
desire
67%
did
67%
didn't
67%
down
67%
drags
67%
draws
67%
for
67%
girl
67%
here
67%
just
67%
now
67%
out
67%
passing
67%
place
67%
road
67%
say
67%
searching
67%
She
67%
she
67%
she'd
67%
stop
67%
They
67%
through
67%
til
67%
best
33%
bloom
33%
boss
33%
burning
33%
But
33%
fire
33%
flowers
33%
from
33%
heard
33%
look
33%
No matching quizzes found
Score Distribution
Percent of People with Each Score
Percentile by Number Answered
Your Score History
You have not taken this quiz